ნორმალური ფორმატი
MARC ფორმატი
ჩანაწერი Personal Name
ჩანაწერთა რაოდენობა, რომელიც გამოყენებულია: 1
001 - CONTROL NUMBER
- control field: 19224
003 - CONTROL NUMBER IDENTIFIER
- control field: GE_BSU
005 - DATE AND TIME OF LATEST TRANSACTION
- control field: 20230710145044.0
008 - FIXED-LENGTH DATA ELEMENTS
- fixed length control field: 230710|| aca||aabn | a|a d
040 ## - CATALOGING SOURCE
- Original cataloging agency: GE_BSU
- Transcribing agency: GE_BSU
100 ## - HEADING--PERSONAL NAME
- Personal name: წერეთელი, გიორგი
- Relator term: მხატვრული
670 ## - SOURCE DATA FOUND
- Source citation: Work cat.: (GE_BSU)56016: ფრანკი, ანა 19208, ანა ფრანკის დღიური, 12 ივნისი 1942-1 აგვისტო 1944 /
